000 00314nam a22001337a 4500
003 OSt
005 20231128161032.0
008 231128b |||||||| |||| 00| 0 eng d
040 _cCO-JMCR
082 _aN /
_bMURt
100 _aMurakami, Haruki,
_942992
245 _aTokio Blues Norwegian Wood /
942 _2ddc
_cBK
999 _c30421
_d16805